000 00591cam a2200217 i 4500
001 2670013
005 20180131045052.0
008 751105r1973 nyu b 011 0 eng
010 _a 73079597
020 _a0873320433
040 _aDLC
_cDLC
_dDLC
041 _aeng
080 _a330 PES
082 0 0 _a330 PES
100 _a52
101 _aEKO
245 0 0 _aEssays in honour of Lord Robbins /
_cedited by Maurice Peston, and Bernard Corry.
504 _aIncludes bibliographical references and index.
906 _a7
_bcbc
_corignew
_d3
_eopcn
_f19
_gy-gencatlg
942 _2ddc
_cBK
999 _c41354
_d41354